Life drawing : (Record no. 19356)

MARC details
000 -LEADER
fixed length control field 00810cam a22002535i 4500
001 - CONTROL NUMBER
control field 016236487
003 - CONTROL NUMBER IDENTIFIER
control field EG-ScBUE
005 - DATE AND TIME OF LATEST TRANSACTION
control field 20230104125857.0
008 - FIXED-LENGTH DATA ELEMENTS--GENERAL INFORMATION
fixed length control field 121221s2013 ohuc f 001 0 eng d
020 ## - INTERNATIONAL STANDARD BOOK NUMBER
International Standard Book Number 9781440325229
020 ## - INTERNATIONAL STANDARD BOOK NUMBER
International Standard Book Number 1440325227
040 ## - CATALOGING SOURCE
Original cataloging agency StDuBDS
Language of cataloging eng
Description conventions rda
Transcribing agency StDuBDS
Modifying agency UkCU
-- EG-ScBUE
082 04 - DEWEY DECIMAL CLASSIFICATION NUMBER
Classification number 743.4
Item number BAR
Edition number 22
100 1# - MAIN ENTRY--PERSONAL NAME
Personal name Barrett, Robert,
Dates associated with a name 1949-
Relator term author.
9 (RLIN) 38041
245 10 - TITLE STATEMENT
Title Life drawing :
Remainder of title how to portray the figure with accuracy and expression /
Statement of responsibility, etc Robert Barrett.
250 ## - EDITION STATEMENT
Edition statement First edition.
264 #1 - PUBLICATION, DISTRIBUTION, ETC. (IMPRINT)
Place of publication, distribution, etc Ohio :
Name of publisher, distributor, etc North Light Books / F+W Media,
Date of publication, distribution, etc 2013.
300 ## - PHYSICAL DESCRIPTION
Extent 159 pages :
Other physical details portraits ;
Dimensions 28 cm
500 ## - GENERAL NOTE
General note Includes index.<br/>
650 #7 - SUBJECT ADDED ENTRY--TOPICAL TERM
Topical term or geographic name as entry element Figure drawing
General subdivision Technique.
Source of heading or term BUEsh
653 ## - INDEX TERM--UNCONTROLLED
Resource For college Communication and mass media
Arrived date list May2015
655 ## - INDEX TERM--GENRE/FORM
Form subdivision Reading book
942 ## - ADDED ENTRY ELEMENTS (KOHA)
Source of classification or shelving scheme Dewey Decimal Classification
Call number prefix 743.4 BAR
Koha item type Book - Borrowing
Holdings
Withdrawn status Lost status Source of classification or shelving scheme Damaged status Not for loan Collection code Home library Current library Shelving location Date acquired Source of acquisition Cost, normal purchase price Serial Enumeration / chronology Total Checkouts Total Renewals Full call number Barcode Date last seen Date checked out Cost, replacement price Koha item type
    Dewey Decimal Classification     Alahram Central Library Central Library Second Floor 14/05/2015   198.00 436 5 4 743.4 BAR TR 000038219 15/07/2025 16/12/2021 247.50 Book - Teacher Resource